00478nmm a2200157Ia 4500008004100000020001800041041000800059100003200067245003700099264006800136300001800204650002200222856005200244942000700296999001700303251105s9999||||xx |||||||||||||||||und|| a9788415787600 aspa aBallester Giménez, José 0aSan Fulgencio y la vaca murciana a[Madrid, España] :bEditorial Club Universitario: ECU, c2013 a114 páginas aSpanish narrative uhttps://public.digitaliapublishing.com/a/172085 cCF c77070d77070